| 000 | 00653nam a22002537a 4500 | ||
|---|---|---|---|
| 001 | 0011760 | ||
| 003 | DO-SdBNP | ||
| 005 | 20180212130649.0 | ||
| 007 | 0011760 | ||
| 008 | 161114b 1963 sp||||| |||| 00| 0 spa d | ||
| 016 | 7 |
_a _z |
|
| 017 |
_a _b |
||
| 035 | _a | ||
| 040 |
_aBPMSU _bspa _cBPMSU |
||
| 080 | 4 | _a | |
| 082 |
_axxxxxxxx _bxxxxxxxxx |
||
| 100 | 1 | _aCarroll, Lewis | |
| 245 | 1 | 0 |
_aAlicia en el país de las maravillas / _cLewis Carroll _h |
| 260 |
_aBarcelona : _bEditorial Mateu, _c1963. |
||
| 300 |
_a218 p. : _bil., _c19 cm. |
||
| 942 |
_2ddc _cBK |
||
| 945 | _ainventariado, 2018 / dg | ||
| 956 |
_aBTAVÁREZ _210 _6BPMSU _80011760 |
||
| 999 |
_c11945 _d11945 |
||